Patnáct pátračů

Bibliographic Details
Other Authors: Zábrana, Jan, 1931-1984 (Compiler), Hartmanová, Alena (Translator)
Format: Book
Language:Czech
English
PhysicalDescription:501 s.
Published: Praha Odeon 1987
Edition:1. vyd.
Subjects:

MARC

LEADER 00000nam a2200000 a 4500
001 vtls008505958
003 SK-MaSNL
005 20260302041928.0
008 210928s1987 xr a g 000 jdcze
035 |a SAVUKc083210 
040 |a SNK  |b slo  |c SNK  |e AACR2 
041 1 |a cze  |h eng 
044 |a xr  |c CZ 
072 7 |a 821.111(73)  |x Americká literatúra, anglicky písaná  |2 konspekt 
072 7 |a 821.111  |x Anglická literatúra, anglicky písaná  |2 konspekt 
080 |a 821.111(73-32)  |2 2001 
080 |a 821(73)-32  |2 2001 
080 |a (0:82-322.4)  |2 2001 
245 1 0 |a Patnáct pátračů  |c [vybral Jan Zábrana ; z angl. orig. přeložili Alena Hartmanová... a kol.] 
246 1 3 |a 15 pátračů 
250 |a 1. vyd. 
260 |a Praha  |b Odeon  |c 1987 
300 |a 501 s. 
500 |a Brožovaná 
655 7 |a anglické poviedky  |2 SNKPH  |9 70540 
655 7 |a americké poviedky  |2 SNKPH  |9 70544 
655 7 |a detektívne poviedky  |2 SNKPH  |9 70227 
655 7 |a American stories  |2 NKPHeng  |9 303195 
655 7 |a English stories  |2 SNKPHeng  |9 286267 
655 7 |a Detective stories  |2 SNKPHeng  |9 286268 
700 1 |a Zábrana, Jan,  |d 1931-1984  |4 com  |9 194717 
700 1 |a Hartmanová, Alena  |4 trl  |9 378177 
852 |a Akadémia umení v Banskej Bystrici 
852 |a Slovenská národná knižnica v Martine  |h IC 108609 
958 |a SV 
958 |a OND 
999 |c 1080813  |d 1082743 
952 |a SNK  |b SNK  |y VYP  |7 0  |p 17A1314891  |o snkIC 108609  |i snkKIP 5935/88  |0 0  |1 0  |4 0  |d 2019-07-09  |l 0  |r 2026-02-24 16:24:45  |w 2026-02-24